000 00691nam a22001697a 4500
999 _c20440
_d20440
003 OSt
005 20240814143632.0
008 240814b ||||| |||| 00| 0 eng d
040 _c0
082 _aDPer 507 J826 September 2019 - June 2020 v.49 n. 1-5
100 _aBauer, Christopher.
_eauthor.
_957702
245 _aEngineering essential attributes of cooperative learning and quality discourse in a large enrollment course by leveraging clicker device /
_cChristopher Bauer
260 _aArlington USA;
_bNational Science Teaching Association,
_cMarch/April 2020.
300 _avolume 49, pages 16-23,
_billustration.
700 _aBauer, Christopher.
_eauthor.
_957702
942 _2ddc
_cPER